000
00216nam a2200085Ia 4500
008
170523s9999 xx 000 0 und d
100
_a
TIMMS- HOWARD L
245
4
_a
THE PRODUCTION FUNCTION IN BUSINESS
260
_b
RICHARD D IRWIN
260
_c
1970
999
_c
302
_d
302